Countries that hate Iran - Statistics

General Stats
  • This quiz has been taken 266 times
  • The average score is 13 of 24
Answer Stats
Hint Answer % Correct
76% United States of America
96%
92% Israel
82%
62% United Kingdom
81%
66% Canada
74%
81% France
74%
78% Germany
69%
73% Japan
67%
64% Turkey
66%
87% Spain
65%
87% Italy
63%
56% South Korea
61%
79% Brazil
55%
61% China
54%
67% Australia
53%
62% Mexico
51%
67% Poland
50%
59% Argentina
46%
89% Jordan
38%
68% Chile
36%
58% Lebanon
35%
57% South Africa
32%
58% Venezuela
24%
57% Palestine
20%
56% Philippines
2%
No matching quizzes found
Score Distribution
Percent of People with Each Score
Percentile by Number Answered
Your Score History
You have not taken this quiz